000 00623nam a2200181Ia 4500
003 GCL
008 140319s9999 xx 000 0 ara d
040 _aGCL /
_cGCL
082 0 4 _aق
_b739.2
_bو ف
245 1 0 _aفنون صناعة الحلى فى مصر القديمة :
_bمختارات مصورة من مقتنيات المتحف المصرى
260 _aالقاهرة :
_bوزارة الثقافة
300 _aمتعدد ؛
_c16 سم
650 0 4 _aالحلى
650 0 4 _aالمجوهرات
650 0 4 _aالاحجار الكريمة
650 0 4 _aاشغال المعادن النفيسة
942 _2ddc
_cBK
999 _c6442
_d6442